Кинетика локализации деформации на стадии линейного упрочнения в материале с прерывистой текучестью на примере сплава Д1; Новые материалы. Создание, структура, свойства - 2008

Podrobná bibliografie
Parent link:Новые материалы. Создание, структура, свойства - 2008.— 2008.— С. 62-66
Hlavní autor: Смирнова А. С.
Další autoři: Бочкарёва А. В. Анна Валентиновна
Jazyk:ruština
Vydáno: 2008
Témata:
Médium: MixedMaterials Kapitola
KOHA link:https://koha.lib.tpu.ru/cgi-bin/koha/opac-detail.pl?biblionumber=156373

MARC

LEADER 00000naa2a2200000 4500
001 156373
005 20231031153113.0
035 |a (RuTPU)RU\TPU\book\169613 
090 |a 156373 
100 |a 20090326d2008 k y0rusy50 ca 
101 0 |a rus 
102 |a RU 
200 1 |a Кинетика локализации деформации на стадии линейного упрочнения в материале с прерывистой текучестью на примере сплава Д1  |f А. С. Смирнова, А. В. Бочкарёва 
320 |a Библиогр.: 7 назв. 
463 0 |0 (RuTPU)RU\TPU\book\158722  |t Новые материалы. Создание, структура, свойства - 2008  |o труды  |o VIII Всероссийская школа-семинар с международным участием, 9-10 июня 2009 г., г. Томск  |f Томский политехнический университет (ТПУ) ; Российская академия наук (РАН), Сибирское отделение (СО), Институт физики прочности и материаловедения (ИФПМ)  |v С. 62-66  |d 2008  |p 232 с. 
610 1 |a деформация 
610 1 |a кинетика 
610 1 |a локализация 
610 1 |a упрочнение 
610 1 |a линейное упрочнение 
610 1 |a прерывистая текучесть 
610 1 |a сплавы 
610 1 |a дюралюмин 
610 1 |a пластическая деформация 
610 1 |a труды учёных ТПУ 
700 1 |a Смирнова  |b А. С. 
701 1 |a Бочкарёва  |b А. В.  |c специалист в области машиностроения  |c доцент Томского политехнического университета, кандидат технических наук  |f 1977-  |g Анна Валентиновна  |2 stltpush  |3 (RuTPU)RU\TPU\pers\36155 
801 1 |a RU  |b 63413507  |c 20090326  |g PSBO 
801 2 |a RU  |b 63413507  |c 20160505  |g RCR 
942 |c BK